000 00502nam a22001697a 4500
005 20251108164201.0
008 250721s2000 xx 000 0 ara d
082 1 4 _a530/علي
100 1 _aعليان، شاهر
245 1 0 _aأساسيات الفيزياء :
_bميكانيك الحرارة موائع كهرباء /
264 1 _aعمان :
_bدار المسيرة،
_c2000.
300 _a240ص
650 1 7 _aالفيزياء
650 1 7 _aالكهرباء
942 _2ddc
_cBK
999 _c5741
_d5741